Capitales de la France - Statistiques

Statistiques générales
  • Ce quiz a été pris 70 fois
    45 depuis la dernière actualisation
  • Le résultat moyen est 22 sur 40
Statistiques - réponses
Années Capitale % Correct
508 - 768 Paris
100%
561 - 613 Paris
100%
613 - 629 Paris
100%
673 - vers 795 Paris
100%
Vers 900 - 1417 Paris
100%
1528 - 1588 Paris
100%
1594 - 1682 Paris
100%
1715 - 1722 Paris
100%
1789 - 1871 Paris
100%
1879 - 1914 Paris
100%
1914 - 1940 Paris
100%
Depuis 1944 Paris
100%
Début juillet 1940 - 20 août 1944 Vichy
69%
1682 - 1715 Versailles
64%
1722 - 1789 Versailles
64%
1871 - 1879 Versailles
64%
2 septembre 1914 - 8 décembre 1914 Bordeaux
59%
14 juin 1940 - 28 juin 1940 Bordeaux
59%
1422 - 1528 Tours
54%
1588 - 1594 Tours
54%
10 juin 1940 - 13 juin 1940 Tours
54%
511 - 558 Orléans
49%
561 - 613 Orléans
49%
675 - vers 795 Orléans
49%
511 Reims
46%
561 - 613 Reims
46%
511 - 558 Metz
28%
639 - 673 Metz
28%
675 - vers 795 Metz
28%
29 juin 1940 - début juillet 1940 Clermont-Ferrand
23%
Vers 795 - 843 Aix-la-Chapelle
21%
486 - 508 Soissons
21%
511 - 613 Soissons
21%
675 - vers 795 Soissons
21%
Vers 431 - 508 Tournai
18%
1417 - 1422 Troyes
15%
Juin 1944 - Septembre 1944 Bayeux
13%
Vers 843 - 987 Laon
8%
675 - vers 795 Chalon
5%
629 - 673 Clichy
3%
Aucun quiz correspondant
Distribution des résultats
% des personnes avec chaque résultat
Percentile par nombre de réponses
Votre historique - résultats
Vous n’avez pas pris ce quiz depuis la dernière actualisation